Detalles MARC
| 000 -CABECERA |
| campo de control de longitud fija |
01778nam a22003977a 4500 |
| 001 - NÚMERO DE CONTROL |
| campo de control |
991023956759706706 |
| 003 - IDENTIFICADOR DEL NÚMERO DE CONTROL |
| campo de control |
ES-BaIT |
| 005 - FECHA Y HORA DE LA ÚLTIMA TRANSACCIÓN |
| campo de control |
20260206130144.0 |
| 008 - DATOS DE LONGITUD FIJA--INFORMACIÓN GENERAL |
| campo de control de longitud fija |
040322q18001864sp 000 d spa c |
| 035 ## - NÚMERO DE CONTROL DEL SISTEMA |
| Número de control de sistema |
(ES-BaCBU).b31030403 |
| 040 ## - FUENTE DE LA CATALOGACIÓN |
| Centro catalogador/agencia de origen |
ES-BaCBU |
| Lengua de catalogación |
cat |
| Centro/agencia transcriptor |
ES-BaCBU |
| 080 ## - NÚMERO DE LA CLASIFICACIÓN DECIMAL UNIVERSAL |
| Número de la Clasificación Decimal Universal |
860-2"16" |
| 084 ## - OTRO NÚMERO DE CLASIFICACIÓN |
| Número de clasificación |
834.65"12" |
| Fuente del número |
CDUcat |
| 100 1# - ENTRADA PRINCIPAL--NOMBRE DE PERSONA |
| Nombre de persona |
Moreto, Agustín, |
| Fechas asociadas al nombre |
1618-1669 |
| 9 (RLIN) |
35011 |
| 245 10 - MENCIÓN DE TÍTULO |
| Título |
Entremés de La Mariquita / |
| Mención de responsabilidad, etc. |
de Agustín Moreto |
| 260 ## - PUBLICACIÓN, DISTRIBUCIÓN, ETC. |
| Lugar de publicación, distribución, etc. |
Valencia : |
| Nombre del editor, distribuidor, etc. |
Imprenta de Laborda, calle de la Bolsería, núm. 24, donde se hallarán otros diferentes, |
| Fecha de publicación, distribución, etc. |
[entre 1800 i 1864?] |
| 300 ## - DESCRIPCIÓN FÍSICA |
| Extensión |
8 p. ; |
| Dimensiones |
16 cm |
| 500 ## - NOTA GENERAL |
| Nota general |
Aquesta edició té 12 pàgines, numerades de la 2 a la 8 i es repeteixen les pàgines 3, 4, 5 i 6 |
| 500 ## - NOTA GENERAL |
| Nota general |
Títol obtingut de l'epígraf |
| 500 ## - NOTA GENERAL |
| Nota general |
Peu d'impr. obtingut del colofó |
| 500 ## - NOTA GENERAL |
| Nota general |
Data de public. aprox. deduïda d'altres obres de l'impr. i de les característiques del document |
| 533 ## - NOTA DE REPRODUCCIÓN |
| Tipo de reproducción |
Reproducció digital disponible a Biblioescènic |
| 593 00 - Camps col·lecció exemplar |
| Signatura topogràfica i/o núm. de registre |
VIT-082/20. |
| Notes |
Relligat al volum factici "Entremeses I" , enquadernació holandesa, color grana, (entremeses I). |
| Digitalització |
Exemplar digitalitzat per Crossland. |
| Nom de la col·lecció especial |
Artur Sedó |
| 655 #7 - TÉRMINO DE INDIZACIÓN--GÉNERO/FORMA |
| Datos o término principal de género/forma |
Entremesos |
| Fuente del término |
lemac |
| 9 (RLIN) |
168367 |
| 655 #7 - TÉRMINO DE INDIZACIÓN--GÉNERO/FORMA |
| Datos o término principal de género/forma |
Literatura de canya i cordill castellana |
| Fuente del término |
lemac |
| 9 (RLIN) |
97971 |
| 730 0# - ENTRADA AGREGADA--TÍTULO UNIFORME |
| Título uniforme |
Col·lecció digital Biblioescènic del MAE |
| 9 (RLIN) |
69172 |
| 740 3# - ENTRADA AGREGADA--TÍTULO RELACIONADO/ANALÍTICO NO CONTROLADO |
| Título relacionado o analítico no controlado |
La Mariquita |
| 752 ## - ENTRADA AGREGADA--NOMBRE JERÁRQUICO DEL LUGAR |
| País o entidad superior |
Espanya |
| Ciudad |
València |
| 856 41 - LOCALIZACIÓN Y ACCESO ELECTRÓNICOS |
| Nota pública |
Accés lliure (Biblioescènic) |
| Identificador Uniforme del Recurso |
<a href="https://books.cdmae.cat/visorpdf/?recurs=SV0082-20">https://books.cdmae.cat/visorpdf/?recurs=SV0082-20</a> |
| 856 42 - LOCALIZACIÓN Y ACCESO ELECTRÓNICOS |
| Especificación de materiales |
Fitxa del catàleg manual |
| Identificador Uniforme del Recurso |
<a href="http://www.cdmae.cat/sedo/imgtitulos/043/P0000408.gif">http://www.cdmae.cat/sedo/imgtitulos/043/P0000408.gif</a> |
| 902 ## - ELEMENTOS DE DATOS B LOCAL, LDB (RLIN) |
| a |
Patrimoni |
| 908 ## - COLOCAR PARÁMETRO DE COMANDO (RLIN) |
| Colocar parámetro de comando |
BPA |
| -- |
CDMAE |
| 940 ## - EQUIVALENCIA O REFERENCIA-CRUZADA--TÍTULO UNIFORME [OBSOLETO] [solamente CAN/MARC] |
| Título uniforme |
<a href="BPA">BPA</a> |
| Fecha de la firma de un tratado |
CDMAE |
| 942 ## - ELEMENTOS DE ENTRADA AGREGADA (KOHA) |
| Fuente del sistema de clasificación o colocación |
Clasificación decimal universal |
| Tipo de ítem Koha |
Digital |